|
|
|
|
| LEADER |
01481nam a2200397Ia 4500 |
| 001 |
EBC327880 |
| 003 |
MiAaPQ |
| 005 |
20200520144314.0 |
| 006 |
m o d | |
| 007 |
cr cn||||||||| |
| 008 |
070629s2008 enka sb 001 0 eng d |
| 010 |
|
|
|z 2007026971
|
| 020 |
|
|
|z 9781845933432 (alk. paper)
|
| 020 |
|
|
|z 1845933435 (alk. paper)
|
| 035 |
|
|
|a (MiAaPQ)EBC327880
|
| 035 |
|
|
|a (Au-PeEL)EBL327880
|
| 035 |
|
|
|a (CaPaEBR)ebr10202431
|
| 035 |
|
|
|a (CaONFJC)MIL120462
|
| 035 |
|
|
|a (OCoLC)647686018
|
| 040 |
|
|
|a MiAaPQ
|c MiAaPQ
|d MiAaPQ
|
| 050 |
|
4 |
|a SB950
|b .H38 2008
|
| 100 |
1 |
|
|a Heather, Neil W.
|
| 245 |
1 |
0 |
|a Pest management and phytosanitary trade barriers
|h [electronic resource] /
|c Neil W. Heather and Guy J. Hallman.
|
| 260 |
|
|
|a Wallingford, UK ;
|a Cambridge, MA :
|b CABI,
|c c2008.
|
| 300 |
|
|
|a x, 257 p. :
|b ill.
|
| 504 |
|
|
|a Includes bibliographical references (p. 226-251) and index.
|
| 533 |
|
|
|a Electronic reproduction. Ann Arbor, MI : ProQuest, 2015. Available via World Wide Web. Access may be limited to ProQuest affiliated libraries.
|
| 650 |
|
0 |
|a Food crops
|x Protection.
|
| 650 |
|
0 |
|a Food crops
|x Losses
|x Prevention.
|
| 650 |
|
0 |
|a Food crops
|x Postharvest losses
|x Prevention.
|
| 650 |
|
0 |
|a Insect pests
|x Control.
|
| 650 |
|
0 |
|a Bioterrorism.
|
| 655 |
|
4 |
|a Electronic books.
|
| 700 |
1 |
|
|a Hallman, Guy J.
|
| 710 |
2 |
|
|a ProQuest (Firm)
|
| 856 |
4 |
0 |
|u https://ebookcentral.proquest.com/lib/matrademy/detail.action?docID=327880
|z Click to View
|